Early Biblical interpretation. (Record no. 3302)

000 -LEADER
fixed length control field 00806nam a2200229 a 4500
001 - CONTROL NUMBER
control field :::00001032$&:&@@
003 - CONTROL NUMBER IDENTIFIER
control field OkBaRHE
005 - DATE AND TIME OF LATEST TRANSACTION
control field 20100331160719.0
008 - FIXED-LENGTH DATA ELEMENTS--GENERAL INFORMATION
fixed length control field s1986 j 000 0 eng u
020 ## - INTERNATIONAL STANDARD BOOK NUMBER
International Standard Book Number 0664219071
040 ## - CATALOGING SOURCE
Transcribing agency
100 1# - MAIN ENTRY--PERSONAL NAME
Personal name Kugel, James L., and Greer, Rowan A.
245 10 - TITLE STATEMENT
Title Early Biblical interpretation.
250 ## - EDITION STATEMENT
Edition statement 1st ed.
260 ## - PUBLICATION, DISTRIBUTION, ETC. (IMPRINT)
Place of publication, distribution, etc Philadelphia, PA., :
Name of publisher, distributor, etc Westminster Press
Date of publication, distribution, etc 1986
300 ## - PHYSICAL DESCRIPTION
Extent 214 p. ;
Dimensions 24 cm.
490 0# - SERIES STATEMENT
Series statement Library of early Christianity ; vol. 3
650 ## - SUBJECT ADDED ENTRY--TOPICAL TERM
Topical term or geographic name as entry element Bible
General subdivision Criticism, interpretation, etc. History
-- Early church, ca. 30-600
-- Addresses, essays, lectures
700 ## - ADDED ENTRY--PERSONAL NAME
Personal name Greer, Rowan A., Joint author.
942 ## - ADDED ENTRY ELEMENTS (KOHA)
Source of classification or shelving scheme
Koha item type Books
Copies
Lost status Source of classification or shelving scheme Full call number Copy number Not for loan Withdrawn status Date last seen Koha item type Price effective from Permanent Location Shelving location Barcode Damaged status Date acquired
  BS 500 .K84 19861  2010-04-14Books2010-04-14RHEMA Bible Training CollegeGeneral Stacks1032 2010-04-14